[Event "XI ch-MKD"]
[Site "Gevgelija MKD"]
[Date "2002.04.05"]
[Round "5"]
[White "Ilic,Ljubo"]
[Black "Ilic,Z3"]
[Result "1/2-1/2"]
[WhiteElo "2289"]
[BlackElo "2364"]

1.e4 c5 2.Nf3 d6 3.d4 cxd4 4.Nxd4 Nf6 5.Nc3 a6 6.f3 Qb6 7.a3 e5 8.Nb3 Be6
9.Nd5 Nxd5 10.exd5 Bf5 11.g4 Bg6 12.h4 Qc7 13.c3 h5 14.Bd3 Bxd3 15.Qxd3 Be7
16.g5 g6 17.f4 Nd7 18.Be3 exf4 19.Bxf4 O-O 20.O-O-O Rfe8 21.Nd4 Nc5 22.Qc2 Bf8
23.Rhf1 Bg7 24.Kb1 Re7 25.Nf3 Rae8 26.Rfe1 Ne4 27.Re3 Qc4 28.Nd4 Qxd5 29.c4 Qc5
30.Nb3 Qb6 31.Red3 Be5 32.Bxe5 dxe5 33.c5 Qe6 34.Re3 f5 35.gxf6 Nxf6 36.Qxg6+ Rg7
37.Qc2 Nd5 38.Red3 Nf4 39.Rd6 Qe7 40.c6 bxc6 41.Qxc6 Rb8 42.Rd7 Qf8 43.Rxg7+ Qxg7
44.Rd7 Qg6+ 45.Qxg6+ Nxg6 46.Nc5 Nxh4 47.Nxa6 Rc8 48.Nc7 Nf3 49.Nd5 Rc4 50.Nf6+ Kf8
51.Nxh5 e4 52.Nf4 e3 53.Ng6+ Kg8 54.Re7 Nd2+ 55.Ka2 Rc6 56.Rxe3 Rxg6 57.Rd3 Ne4
58.b4 Kf7 59.a4 Ke7 60.a5 Rd6 61.Rh3 Kd7 62.Kb3 Kc6 63.Kc4  1/2-1/2

[Event "New White Plus GM open"]
[Site "Dhaka BAN"]
[Date "2002.04.06"]
[Round "8"]
[White "Hasan,M"]
[Black "Wong Zi Jing"]
[Result "1/2-1/2"]
[WhiteElo "2187"]
[BlackElo "2256"]

1.e4 c5 2.Nf3 d6 3.d4 cxd4 4.Nxd4 Nf6 5.Nc3 a6 6.f3 Qb6 7.Bc4 Nc6 8.Nxc6 bxc6
9.Qd3 e6 10.Be3 Qa5 11.Bd2 Qd8 12.Bg5 Be7 13.O-O-O d5 14.exd5 cxd5 15.Bb3 O-O
16.Rhe1 Bd7 17.Bxd5 exd5 18.Rxe7 Qxe7 19.Nxd5 Qd6 20.Bxf6 gxf6 21.Qd4 Kg7
22.Nc7 Qxh2 23.Nxa8 Rxa8 24.Qxd7  1/2-1/2

[Event "FIDE GP"]
[Site "Dubai UAE"]
[Date "2002.04.07"]
[Round "4.4"]
[White "Leko,P"]
[Black "Georgiev,Ki"]
[Result "1/2-1/2"]
[WhiteElo "2713"]
[BlackElo "2655"]

1.e4 c5 2.Nf3 d6 3.d4 cxd4 4.Nxd4 Nf6 5.Nc3 a6 6.f3 e6 7.Be3 b5 8.Qd2 Nbd7
9.g4 h6 10.O-O-O Bb7 11.h4 b4 12.Na4 Qa5 13.b3 Nc5 14.a3 Rc8 15.Qxb4 Qc7
16.Kb1 Nfd7 17.Nb2 d5 18.Qe1 dxe4 19.Bc4 exf3 20.Rf1 Ne5 21.Bf4 Bd6 22.Nf5 exf5
23.Rxd6 Qxd6 24.Bxe5 Qe7 25.Bxg7 Rg8 26.gxf5 Qxe1+ 27.Rxe1+ Ne4 28.Bd4 Kf8
29.Kc1 Rg4 30.Nd3 Rxh4 31.f6 Rd8 32.Be3 Bd5 33.Bxa6 Nxf6 34.Bc5+ Kg8 35.Be7 Re8
36.Bxf6 Rxe1+ 37.Nxe1 Rh1 38.Bd4 Rxe1+ 39.Kd2 Re4 40.Bf2 h5 41.Bd3 Re6 42.c4 Be4
43.Bf1 Kf8 44.c5 Ke8 45.b4 Kd7 46.b5 f5 47.a4 h4 48.Bxh4 Rh6 49.c6+ Kc8 50.Bg3 Rg6
51.Bf2 f4 52.a5 Rd6+ 53.Kc3 Bxc6 54.bxc6 Rxc6+ 55.Kd2 Kb7 56.Bd3 Ra6 57.Be4+ Kc7
58.Bb6+ Rxb6  1/2-1/2

[Event "FIDE GP"]
[Site "Dubai UAE"]
[Date "2002.04.08"]
[Round "5.1"]
[White "Shirov,A"]
[Black "Georgiev,Ki"]
[Result "1-0"]
[WhiteElo "2715"]
[BlackElo "2655"]

1.e4 c5 2.Nf3 d6 3.d4 cxd4 4.Nxd4 Nf6 5.Nc3 a6 6.Be3 Ng4 7.Bc1 Nf6 8.f3 e6
9.Be3 b5 10.g4 Nfd7 11.Qd2 Nb6 12.O-O-O N8d7 13.Ndxb5 axb5 14.Nxb5 Ba6 15.Nxd6+ Bxd6
16.Qxd6 Nc4 17.Bxc4 Bxc4 18.Qd4 Be2 19.Qxg7 Qf6 20.Qxf6 Nxf6 21.Rde1 Bxf3
22.Rhf1 Bxg4 23.Bd4 Rxa2 24.Kb1 Ra8 25.Bxf6 Rg8 26.Re3 Kd7 27.b3 Kc6 28.Rf2 Bh5
29.Rd2 Rg1+ 30.Kb2 Rd1 31.Rxd1 Bxd1 32.c4 Rg8 33.Rg3 Rb8 34.e5 Rb7 35.Rd3 Be2
36.Rd6+ Kc7 37.Bd8+ Kb8 38.Bb6 Re7 39.Rd8+ Kb7 40.Bc5 Rc7 41.Bd6 Rc8 42.Rxc8 Kxc8
43.Be7 Kd7 44.Bf6 Kc6 45.Kc3 h5 46.b4  1-0

[Event "chJ-POL g20"]
[Site "Trzebinia POL"]
[Date "2002.04.12"]
[Round "1"]
[White "Zawadzka,J"]
[Black "Worek,J"]
[Result "0-1"]
[WhiteElo "2181"]
[BlackElo "2225"]

1.e4 c5 2.Nf3 d6 3.d4 cxd4 4.Nxd4 Nf6 5.Nc3 a6 6.f3 e5 7.Nb3 Be6 8.Be3 Be7
9.Qd2 Nbd7 10.g4 b5 11.g5 b4 12.Nd5 Nxd5 13.exd5 Bf5 14.h4 a5 15.Bd3 Bxd3
16.Qxd3 Qc7 17.Nd2 O-O 18.O-O-O a4 19.Kb1 f5 20.f4 e4 21.Qd4 Rfd8 22.Rc1 Qb7
23.h5 Bf8 24.h6 Ra5 25.g6 Nf6 26.gxh7+ Kh8 27.c4 bxc3 28.Rxc3 Rb8 29.Rc2 a3
30.b3 Nxd5 31.Nc4 Rb5 32.hxg7+ Bxg7 33.Nxd6 Rxb3+ 34.axb3 Qxb3+ 35.Kc1 Nxe3
36.Qxg7+ Kxg7 37.Rc7+ Kg6 38.Rg1+  0-1

[Event "chJ-POL g20"]
[Site "Trzebinia POL"]
[Date "2002.04.14"]
[Round "4"]
[White "Czarnota,D"]
[Black "Zawadzka,J"]
[Result "0-1"]
[WhiteElo "2120"]
[BlackElo "2181"]

1.e4 c5 2.Nf3 d6 3.d4 cxd4 4.Nxd4 Nf6 5.Nc3 a6 6.f3 e5 7.Nb3 Be6 8.Be3 Nbd7
9.Qd2 b5 10.a4 b4 11.Nd5 Bxd5 12.exd5 Nb6 13.Bxb6 Qxb6 14.a5 Qb7 15.Bc4 Be7
16.Ra4 Rb8 17.Nc1 Bd8 18.Na2 Bxa5 19.b3 Qb6 20.Qd3 O-O 21.Kd1 Nd7 22.Qf5 Nc5
23.Nc1 Nxa4 24.bxa4 Qd4+ 25.Bd3 g6 26.Qe4 Qc3 27.Nb3 Bb6 28.Bxa6 f5 29.Qd3 Bd4
30.Re1 Qb2 31.Nxd4 exd4 32.Bb5 Rfc8 33.Qb3 Qa3 34.Bc6 d3 35.Kd2 dxc2 36.Kxc2 Rb6
37.Rb1 Rcb8 38.f4 Kf7 39.g3 h6 40.h4 Qxb3+ 41.Kxb3 g5 42.fxg5 hxg5 43.Rf1 Kg6
44.Bd7 Rf8 45.h5+ Kxh5 46.Bxf5 Kh6 47.g4 Kg7 48.Re1 Rh8 49.Re3 Rb7 50.Bd3 Rh1
51.a5 Ra1 52.a6 Ra3+ 53.Kb2 Ra7 54.Rh3 R7xa6 55.Rh7+ Kg8 56.Bf5 Re3 57.Rb7 b3
58.Be6+ Kf8 59.Rb8+ Ke7 60.Rxb3 Rxb3+ 61.Kxb3 Kf6 62.Kc4 Ke5 63.Kb5 Ra1 64.Kc6 Rc1+
65.Kd7 Rc5 66.Ke7 Rc7+ 67.Kd8 Ra7 68.Ke8 Kf6 69.Kd8 Re7 70.Bd7 Re5 71.Bc6 Re4
72.Bd7 Kf7 73.Bf5 Re5 74.Kd7 Rxf5 75.gxf5 g4 76.Kxd6 g3 77.Kc7 g2 78.d6 g1=Q
79.d7 Qc5+ 80.Kd8 Kf6 81.Ke8 Qe7+  0-1

[Event "Open"]
[Site "Dubai UAE"]
[Date "2002.04.16"]
[Round "2"]
[White "Gadjily,R"]
[Black "Jobava,Ba"]
[Result "0-1"]
[WhiteElo "2418"]
[BlackElo "2556"]

1.e4 c5 2.Nf3 d6 3.d4 Nf6 4.Nc3 cxd4 5.Nxd4 a6 6.f3 b5 7.Be3 Bb7 8.Qd2 Nbd7
9.g4 e5 10.Nf5 b4 11.Na4 d5 12.exd5 g6 13.Ng3 Qa5 14.b3 Qxd5 15.g5 Qxd2+
16.Bxd2 Nd5 17.O-O-O Be7 18.Bh3 h6 19.Rhe1 hxg5 20.Bxd7+ Kxd7 21.Rxe5 Kc7
22.Be3 Rae8 23.Rexd5 Bxd5 24.Rxd5 Rxh2 25.Bd4 g4 26.fxg4 Bh4 27.Be5+ Rxe5
28.Rxe5 Bxg3 29.Re7+ Kc6 30.Rxf7 g5 31.Rf6+ Kd5 32.c4+ bxc3 33.Nxc3+ Kd4
34.Rf3 Bf4+ 35.Kd1 Be3 36.b4 Kd3  0-1

[Event "Open"]
[Site "Dubai UAE"]
[Date "2002.04.16"]
[Round "2"]
[White "Fedorov,Alex"]
[Black "Ghaem Maghami,E"]
[Result "1-0"]
[WhiteElo "2589"]
[BlackElo "2513"]

1.e4 c5 2.Nf3 d6 3.d4 cxd4 4.Nxd4 Nf6 5.Nc3 a6 6.f3 Nc6 7.Be3 e6 8.Qd2 Be7
9.O-O-O O-O 10.g4 Nxd4 11.Bxd4 b5 12.h4 Nd7 13.g5 Bb7 14.Kb1 b4 15.Ne2 d5
16.e5 a5 17.f4 Nc5 18.Ng3 Ne4 19.Nxe4 dxe4 20.Bg2 a4 21.Rhe1 b3 22.a3 Rc8
23.c3 Qa5 24.Qe3 Rfd8 25.Bxe4 Bxe4+ 26.Qxe4 Bc5 27.Bxc5 Qxc5 28.Qxa4 Qf2
29.Qxb3 Qxf4 30.Rxd8+ Rxd8 31.Qb4 Qf2 32.Re4 Rc8 33.a4 Qf3 34.Ka2 Ra8 35.Rd4 Qc6
36.Ka3 Qh1 37.Qb6 h5 38.gxh6 gxh6 39.Rd8+ Rxd8 40.Qxd8+ Kg7 41.a5 Qc1 42.Kb3 Qa1
43.c4 Kg6 44.c5  1-0

[Event "chJ-POL g20"]
[Site "Trzebinia POL"]
[Date "2002.04.16"]
[Round "6"]
[White "Czarnota,D"]
[Black "Balkiewicz,E"]
[Result "0-1"]
[WhiteElo "2120"]
[BlackElo "2133"]

1.e4 c5 2.Nf3 d6 3.d4 cxd4 4.Nxd4 Nf6 5.Nc3 a6 6.f3 e6 7.Be3 b5 8.g4 h6 9.Qd2 Nbd7
10.O-O-O Bb7 11.h4 b4 12.Na4 Qa5 13.b3 Nc5 14.a3 Nxa4 15.axb4 Qc7 16.bxa4 d5
17.e5 Nd7 18.f4 Nb6 19.Rh3 Nxa4 20.Bf2 Rc8 21.Be1 Be7 22.f5 exf5 23.gxf5 Qxe5
24.Re3 Qf6 25.Bg3 O-O 26.Rxe7 Qxe7 27.Re1 Qf6 28.Be5 Qxh4 29.f6 g6 30.Nf3 Qh5
31.Bg2 g5 32.Nd4 Nb6 33.Bf3 Qg6 34.Qh2 Nd7 35.Bg4 Nxe5 36.Qxe5 Qd3 37.Bxc8 Qa3+
38.Kd1 Bxc8 39.Nc6 Qf3+ 40.Kd2 Qf4+ 41.Qxf4 gxf4 42.Rf1 Kh7 43.Ne7 Be6 44.Rxf4 h5
45.Rd4 Kh6 46.Nxd5 Rd8 47.c4 Kg5 48.Ke3 Bxd5 49.cxd5 Kxf6 50.Kf4 Rg8 51.Rd1 Rg4+
52.Kf3 Rxb4 53.d6 Rb8 54.d7 Ke7 55.Rd5 Rd8 56.Ra5 Ra8 57.Rd5 Rd8 58.Ra5 Rxd7
59.Rxa6 Rd6 60.Ra5 Rh6 61.Kg3 h4+ 62.Kh3 f6 63.Rb5 Kf7 64.Ra5 Kg6 65.Ra8 Kg5
66.Rg8+ Kf4 67.Rg4+ Kf3 68.Ra4 f5 69.Ra3+ Kf4 70.Ra4+ Kf3 71.Ra3+ Kf4 72.Ra4+ Kg5
73.Ra8 Rd6 74.Ra4 Re6 75.Rb4 Re3+ 76.Kg2 h3+ 77.Kh2 f4 78.Rb8 Kg4 79.Rg8+ Kf3
80.Rf8 Re7 81.Rf6 Rh7 82.Ra6 Rh5 83.Ra3+ Kg4 84.Ra8 Rg5 85.Ra7 Rf5 86.Rg7+ Kf3
87.Ra7 Re5 88.Rf7 Rg5 89.Rf8 Rg3 90.Ra8 Ke4 91.Ra4+ Kf5 92.Ra5+ Kg4 93.Ra8 Rg2+
94.Kh1 Re2 95.Rg8+ Kf3 96.Rf8 Ke3 97.Re8+ Kf2 98.Rf8 f3 99.Rf7 Re3 100.Kh2 Ke1
101.Ra7 f2 102.Ra1+ Ke2 103.Ra2+ Kf3 104.Ra1 Re1 105.Ra3+ Ke4  0-1

[Event "chJ-POL b20"]
[Site "Trzebinia POL"]
[Date "2002.04.16"]
[Round "6"]
[White "Czarnota,P"]
[Black "Jakubowski,K"]
[Result "0-1"]
[WhiteElo "2307"]
[BlackElo "2464"]

1.e4 c5 2.Nf3 d6 3.d4 cxd4 4.Nxd4 Nf6 5.Nc3 a6 6.f3 e5 7.Nb3 Be6 8.Be3 Be7
9.Qd2 Nbd7 10.O-O-O O-O 11.g4 b5 12.Kb1 Nb6 13.Qf2 Nfd7 14.h4 Rc8 15.Nd5 Bxd5
16.exd5 Nc4 17.Bd3 a5 18.Bc1 a4 19.Nd2 Ndb6 20.Qe2 a3 21.b3 Nxd5 22.Ne4 Nb2
23.Bxb5 Nxd1 24.Rxd1 Nf4 25.Bxf4 exf4 26.Bc4 Qb6 27.h5 Rfe8 28.Qd3 Qe3 29.Qxe3 fxe3
30.Re1 g6 31.h6 Kf8 32.g5 Rc5 33.Nxc5 dxc5 34.Rxe3 Bxg5 35.Rxe8+ Kxe8 36.c3 Bxh6
37.Kc2 Bf8 38.Kd3 f5 39.f4 Bd6 40.Ke3 Ke7 41.Kf3 Kf6 42.Bd5 h6 43.b4 cxb4
44.cxb4 Bxb4 45.Bc6 Ba5 46.Bb7 Bc7 47.Bc6 Bb8 48.Bb7 Bd6 49.Bc6 h5 50.Bb5 h4
51.Bf1 Bxf4 52.Kxf4 g5+ 53.Kf3 Ke5 54.Ba6 g4+ 55.Kg2 f4 56.Kf2 f3 57.Bc8 Kf4
58.Bd7 g3+ 59.Kf1 Ke3 60.Bc8 g2+ 61.Kg1 Ke2 62.Bg4 h3 63.Bh5 h2+ 64.Kxh2 Kf2  0-1

[Event "chJ-POL b20"]
[Site "Trzebinia POL"]
[Date "2002.04.18"]
[Round "9"]
[White "Czarnota,P"]
[Black "Lagowski,P"]
[Result "1/2-1/2"]
[WhiteElo "2307"]
[BlackElo "2321"]

1.e4 c5 2.Nf3 d6 3.d4 cxd4 4.Nxd4 Nf6 5.Nc3 a6 6.f3 e5 7.Nb3 Be7 8.Be3 Be6
9.Qd2 O-O 10.O-O-O Nbd7 11.g4 Qc7 12.g5 Nh5 13.Kb1 b5 14.Ne2 a5 15.Ng3 a4
16.Nc1 Nf4 17.h4 b4 18.Nf5 Bxf5 19.exf5 a3 20.b3 Rfb8 21.Ne2 Nxe2 22.Bxe2 Nb6
23.Bxb6 Rxb6 24.Bc4 Ra5 25.Qe3 Rc6 26.Qe4 Rcc5 27.f6 Bf8 28.Bd3 g6 29.Qxb4 d5
30.Qd2 e4 31.fxe4 Qe5 32.Qc1 dxe4 33.Rhe1 Qc3 34.Rxe4 Ra8 35.Re3 Qb4 36.c4 Rb8
37.Rde1 Rcc8 38.h5 Bc5 39.hxg6 fxg6 40.Rh3 Rd8 41.Reh1 Rb7 42.Qe1 Qb6 43.Be4 Bb4
44.Bd5+ Rxd5 45.Qe8+ Bf8 46.cxd5 Qd4 47.Qe2 Qxd5 48.Rg1 Qf5+ 49.Rd3 Qc5 50.Rc1 Qxg5
51.Qe6+ Rf7 52.Rd7 Qxf6 53.Qxf7+ Qxf7 54.Rxf7 Kxf7 55.Rc7+ Be7 56.b4 h5 57.Kc2 h4
58.Kd3 Ke6 59.b5 Bd6 60.Rh7 Kd5 61.Rxh4 Kc5 62.Rg4 Kxb5 63.Rxg6 Bc5 64.Kc3 Bb6
65.Kb3 Bc5 66.Rg5 Kc6 67.Kc4 Bd6 68.Rg6 Kc7 69.Kd5 Bf8 70.Rf6 Bb4 71.Rf4 Be7
72.Ke6 Bc5 73.Kd5 Be7 74.Ke6 Bc5 75.Kd5 Be7 76.Rf7 Kd7 77.Rh7 Kd8 78.Ke6 Bc5
79.Rh5 Bb4 80.Rb5 Be1 81.Rb3 Kc7 82.Kd5 Bd2 83.Rxa3 Kb6 84.Kc4 Be1 85.Re3 Bd2
86.Re5 Bf4 87.Rb5+ Ka7 88.Kc5 Be3+ 89.Kc6 Ka8 90.a4 Bg1 91.Rf5 Bh2 92.Kb6 Bg1+
93.Ka6 Ba7 94.a5 Bb8 95.Rf6 Bh2 96.Rf7 Be5 97.Rh7 Kb8 98.Re7 Bd4 99.Re4 Bg1
100.Re1 Bf2 101.Re8+ Kc7 102.Re4 Bg1 103.Re1 Bf2 104.Rb1 Be3 105.Rb3 Bg1
106.Kb5 Kb7 107.a6+ Ka8 108.Kc6 Ba7 109.Kc7 Bg1  1/2-1/2

[Event "Alushta-100"]
[Site "Alushta UKR"]
[Date "2002.04.19"]
[Round "?"]
[White "Pavlov,Ma"]
[Black "Karjakin,Sergey"]
[Result "0-1"]
[WhiteElo "2400"]
[BlackElo "2489"]

1.e4 c5 2.Nf3 d6 3.d4 cxd4 4.Nxd4 Nf6 5.Nc3 a6 6.f3 e5 7.Nb3 Be6 8.Be3 Be7
9.Qd2 h5 10.O-O-O Nbd7 11.Kb1 Qc7 12.h3 h4 13.Bd3 b5 14.f4 Nb6 15.Bxb6 Qxb6
16.Rhe1 Bd7 17.fxe5 dxe5 18.Nd5 Nxd5 19.exd5 Qd6 20.Qe2 f6 21.Bg6+ Kd8 22.Na5 Kc7
23.c4 Kb6 24.Nc6 Bxc6 25.dxc6 Qe6 26.Rd7 Rab8 27.cxb5 axb5 28.Qe4 Bc5 29.Rxg7 Qxc6
30.Qxc6+ Kxc6 31.Rf1 Rbf8 32.Be4+ Kb6 33.a3 Rh6 34.b4 Bd4 35.Rb7+ Ka6 36.Rc7 f5
37.Rxf5 Rxf5 38.Bxf5 Rf6 39.Bd3 Kb6 40.Rc8 Rf2 41.Rb8+ Kc7 42.Rxb5 Rxg2 43.a4 Rg3
44.Bf5 Rf3 45.Bg4 Rf4 46.Bh5 Rf5 47.Be2 Rf2 48.Bd3 Rf3 49.Kc2 Rxh3 50.a5 Re3
51.a6 Bb6 52.Kd2 h3 53.Bf1 h2 54.Bg2 Rg3 55.Bh1 Rg1 56.Be4 Rg4 57.Bh1 Rg1
58.Be4 h1=Q 59.Bxh1 Rxh1 60.Rxe5 Ra1 61.b5 Bg1 62.Re1 Ra2+ 63.Kc3 Bc5 64.Re6 Bd6
65.Kc4 Rc2+ 66.Kb3 Rd2 67.Kc4 Kb6 68.Rg6 Rd1 69.Rg3 Bxg3  0-1

[Event "Alushta-100"]
[Site "Alushta UKR"]
[Date "2002.04.19"]
[Round "?"]
[White "Vozovic,O"]
[Black "Zubov,A UKR"]
[Result "0-1"]
[WhiteElo "2297"]
[BlackElo "2478"]

1.e4 c5 2.Nf3 d6 3.d4 cxd4 4.Nxd4 Nf6 5.Nc3 a6 6.f3 Qb6 7.Nb3 e6 8.a4 Be7
9.a5 Qa7 10.Qd3 Nc6 11.Be3 Nb4 12.Bxa7 Nxd3+ 13.cxd3 Rxa7 14.Na4 Bd7 15.Nb6 Bc6
16.d4 d5 17.e5 Nd7 18.Nxd7 Kxd7 19.Nc5+ Bxc5 20.dxc5 f6 21.f4 g5 22.g3 Raa8
23.Bh3 f5 24.Rd1 Bb5 25.g4 fxg4 26.Bxg4 h5 27.Bh3 g4 28.Bg2 Raf8 29.Rd4 Rhg8
30.b4 Ke7 31.Kf2 h4 32.h3 Be8 33.Re1 Bh5 34.Re3 Rg5 35.Rc3 Rxe5 36.hxg4 Bxg4
37.Bf3 Bxf3 38.fxe5 Be4+ 39.Kg1 Kd7 40.Kh2 Kc6 41.Rc1 Rf5 42.Rg1 Rxe5 43.Rg8 Rf5
44.Rc8+ Kd7 45.Rb8 Kc7 46.Rh8 Rf2+ 47.Kg1 Rg2+ 48.Kf1 Rh2 49.b5 axb5 50.Rb4 h3
51.Rxb5 Bd3+  0-1

[Event "chJ-POL b20"]
[Site "Trzebinia POL"]
[Date "2002.04.20"]
[Round "11"]
[White "Czarnota,P"]
[Black "Tomczak,Raf"]
[Result "1-0"]
[WhiteElo "2307"]
[BlackElo "2384"]

1.e4 c5 2.Nf3 d6 3.d4 cxd4 4.Nxd4 Nf6 5.Nc3 a6 6.f3 e5 7.Nb3 Be6 8.Be3 Be7
9.Qd2 Nbd7 10.O-O-O b5 11.g4 Nb6 12.Qf2 Nfd7 13.Nd5 Bxd5 14.exd5 Nc4 15.Kb1 Nxe3
16.Qxe3 O-O 17.Bd3 Qb6 18.Qe2 Rfe8 19.h4 b4 20.g5 Nf8 21.Rdg1 a5 22.Qe4 Ra7
23.h5 Rb8 24.g6 Bf6 25.gxh7+ Kh8 26.Qf5 Qd8 27.Nd2 g6 28.Qg4 a4 29.hxg6 fxg6
30.Bxg6 Rg7 31.Qh5 a3 32.Bf5 Rbb7 33.Ne4 axb2 34.Qh6 Rxg1+ 35.Rxg1 Bg7 36.Nxd6 Ra7
37.Qxg7+  1-0

[Event "ch-UKR"]
[Site "Alushta UKR"]
[Date "2002.05.05"]
[Round "3"]
[White "Sumets,A"]
[Black "Simantsev,M"]
[Result "1-0"]
[WhiteElo "2459"]
[BlackElo "2392"]

1.e4 c5 2.Nf3 d6 3.d4 cxd4 4.Nxd4 Nf6 5.Nc3 a6 6.f3 e6 7.Be3 b5 8.Qd2 Bb7
9.O-O-O Nbd7 10.g4 Nb6 11.g5 Nfd7 12.Qg2 b4 13.Nb1 Qc7 14.h4 Rc8 15.h5 Ne5
16.Nd2 Na4 17.Bg1 d5 18.exd5 Bxd5 19.Bxa6 Nxb2 20.Kxb2 Qc3+ 21.Kb1 b3 22.cxb3 Ba3
23.Nc4 Bxc4 24.bxc4 Nxc4 25.Bxc4 Qxc4 26.Nb3 O-O 27.Bd4 Rb8 28.Qc2 Qa4 29.Bb2 Be7
30.Qd3 Ra8 31.Rhg1 Rfd8 32.Qc3 Bf8 33.Rxd8 Rxd8 34.h6 Ra8 35.hxg7 Bc5  1-0

[Event "3rd Open"]
[Site "Backa Palanka YUG"]
[Date "2002.05.05"]
[Round "4"]
[White "Perunovic,Mil"]
[Black "Ardeleanu,A"]
[Result "1-0"]
[WhiteElo "2478"]
[BlackElo "2344"]

1.e4 c5 2.Nf3 d6 3.d4 cxd4 4.Nxd4 Nf6 5.Nc3 a6 6.f3 e5 7.Nb3 Be6 8.Be3 Be7
9.Qd2 O-O 10.O-O-O a5 11.Bb5 Nc6 12.Qe2 Qc7 13.Na4 Nd7 14.Kb1 b6 15.Nc3 Na7
16.Bxd7 Qxd7 17.Nd5 Nc8 18.g4 a4 19.Nc1 Ra5 20.a3 Bd8 21.Na2 Bxd5 22.exd5 Ne7
23.Nb4 Qb7 24.Qd3 b5 25.f4 exf4 26.Bxf4 Qd7 27.Qg3 Bc7 28.h4 Ng6 29.h5 Nxf4
30.Qxf4 h6 31.g5 hxg5 32.Qxg5 Bd8 33.Qg3 Bf6 34.Nc6 Ra6 35.h6 g6 36.Rhf1 Be5
37.Nxe5 dxe5 38.Qxe5 f6 39.Qg3 Kh7 40.d6 f5 41.Rfe1 Rf7 42.Qe5 Ra8 43.Qd5 Rb8
44.Re6 b4 45.Rde1 Qb7 46.Qd4 Qa7 47.Qd2 bxa3 48.Qg5 Rxb2+ 49.Ka1 Rb1+ 50.Kxb1 Qb6+
51.Kc1 Qb2+ 52.Kd2 Qd4+ 53.Ke2 Qc4+ 54.Kf2 Qxc2+ 55.R1e2 Qc5+ 56.Kg2  1-0

[Event "ch-UKR"]
[Site "Alushta UKR"]
[Date "2002.05.10"]
[Round "8"]
[White "Sharapov,E"]
[Black "Tukhaev,A"]
[Result "1-0"]
[WhiteElo "2370"]
[BlackElo "2193"]

1.e4 c5 2.Nf3 d6 3.d4 cxd4 4.Nxd4 Nf6 5.Nc3 a6 6.f3 e6 7.Be3 b5 8.g4 Nfd7
9.Qd2 Bb7 10.O-O-O Nb6 11.Nb3 Nc6 12.Qf2 Nd7 13.h4 Nce5 14.g5 Qc7 15.h5 Rg8
16.Kb1 g6 17.hxg6 hxg6 18.Rh4 Nc4 19.Bxc4 bxc4 20.Nd4 Rb8 21.Nde2 Be7 22.f4 Bxe4
23.Nxe4 Qb7 24.Nxd6+ Bxd6 25.b3 cxb3 26.axb3 Qe4 27.Nc1 Ba3 28.Ka2 Bb4 29.Kb1 Qf5
30.Nd3 Ke7 31.Nxb4 Rxb4 32.Rxd7+ Kxd7 33.Qd2+ Qd5 34.Qxb4 Qf3 35.Qd4+  1-0

[Event "TCh-NOR Finals"]
[Site "Oslo NOR"]
[Date "2002.05.11"]
[Round "4"]
[White "Kolas,T"]
[Black "Hagesaether,H"]
[Result "1-0"]
[WhiteElo "2181"]
[BlackElo "2256"]

1.e4 c5 2.Nf3 d6 3.d4 Nf6 4.Nc3 cxd4 5.Nxd4 a6 6.f3 e5 7.Nb3 Be7 8.Be3 O-O
9.Qd2 Be6 10.O-O-O b5 11.g4 Nfd7 12.Nd5 Bxd5 13.exd5 Qc7 14.Kb1 Rc8 15.h4 Nb6
16.Bxb6 Qxb6 17.g5 a5 18.h5 a4 19.Nc1 b4 20.g6 b3 21.cxb3 axb3 22.h6 fxg6
23.hxg7 Rc2 24.Qh6 Rxb2+ 25.Kxb2 Rxa2+ 26.Nxa2 bxa2+ 27.Ka1  1-0

[Event "Capablanca Mem Premier I"]
[Site "Havana CUB"]
[Date "2002.05.12"]
[Round "6"]
[White "Abreu,A"]
[Black "Borges Mateos,J"]
[Result "1-0"]
[WhiteElo "2480"]
[BlackElo "2438"]

1.e4 c5 2.Nf3 d6 3.d4 cxd4 4.Nxd4 Nf6 5.Nc3 a6 6.f3 e6 7.Be3 b5 8.g4 b4 9.Nce2 h6
10.Bg2 e5 11.Nf5 g6 12.Nfg3 Be6 13.h4 Nbd7 14.Qd2 Rc8 15.b3 d5 16.O-O-O d4
17.Bf2 Nc5 18.Kb1 Nfd7 19.f4 Bxg4 20.fxe5 Bg7 21.Bxd4 Bxe5 22.h5 g5 23.Nf5 Bxf5
24.exf5 a5 25.Bxe5 Nxe5 26.Qe3 Qe7 27.f6 Qxf6 28.Bh3 O-O 29.Bxc8 Rxc8 30.Rhf1 Qg7
31.Ng3 Ng4 32.Qe2 Qc3 33.Nf5 Kh7 34.Nd6  1-0

[Event "Capablanca Mem Premier I"]
[Site "Havana CUB"]
[Date "2002.05.15"]
[Round "9"]
[White "Gonzalez,Y"]
[Black "Abreu,A"]
[Result "1/2-1/2"]
[WhiteElo "2444"]
[BlackElo "2480"]

1.e4 c5 2.Nf3 d6 3.d4 cxd4 4.Nxd4 Nf6 5.Nc3 a6 6.f3 e6 7.Be3 Nc6 8.Qd2 Be7
9.O-O-O O-O 10.g4 Nxd4 11.Bxd4 b5 12.h4 Nd7 13.g5 Bb7 14.Kb1 Rc8 15.a3 Ne5
16.Rh3 Nc4 17.Bxc4 Rxc4 18.f4 Qd7 19.Rd3 a5 20.e5 b4 21.exd6 Qxd6 22.Bf6 bxc3
23.Rxd6 cxd2 24.Bxe7 Re8 25.R1xd2 h5 26.Rd7 Bd5 27.Bd6 a4 28.Be5  1/2-1/2

[Event "4th Borowski C"]
[Site "Essen GER"]
[Date "2002.05.17"]
[Round "2"]
[White "Wegener,O"]
[Black "Baramidze,D"]
[Result "1/2-1/2"]
[WhiteElo "2317"]
[BlackElo "2321"]

1.e4 c5 2.Nf3 d6 3.d4 cxd4 4.Nxd4 Nf6 5.Nc3 a6 6.f3 e5 7.Nb3 Be6 8.Be3 Be7
9.Qd2 Nbd7 10.g4 h6 11.O-O-O b5 12.h4 Qc7 13.Nd5 Bxd5 14.exd5 Nb6 15.Bxb6 Qxb6
16.Kb1 Rc8 17.Rh2 O-O 18.a3 Bd8 19.Bd3 a5 20.Qe1 a4 21.Nc1 Rc5 22.Be4 Rc4
23.Na2 Qa7 24.c3 Ba5 25.Rg2 Qd7 26.Qe3 Kh8 27.Qd3 g6 28.Qe3 Ng8 29.Bc2 Rf4
30.Nc1 Bd8 31.Ne2 Rc4 32.Rh2 Kg7 33.Ng3 Rf4 34.Qe2 Be7 35.h5 Bg5 36.Bd3 Rb8
37.Ne4 Nf6 38.Nxf6 Rxf6 39.Be4 Rf4 40.hxg6 fxg6 41.Qd3  1/2-1/2

[Event "2nd NAO Masters"]
[Site "Paris FRA"]
[Date "2002.05.17"]
[Round "5"]
[White "Bonnet,E1"]
[Black "Guidarelli,L"]
[Result "1/2-1/2"]
[WhiteElo "2194"]
[BlackElo "2366"]

1.e4 c5 2.Nf3 d6 3.d4 cxd4 4.Nxd4 Nf6 5.Nc3 a6 6.f3 e5 7.Nb3 Be6 8.Be3 h5
9.Qd2 Nbd7 10.Nd5 Bxd5 11.exd5 g6 12.Na5 Qc7 13.c4 Bg7 14.Be2 O-O 15.O-O b6
16.Nc6 Nb8 17.Nxb8 Raxb8 18.Rac1 Nd7 19.Rfd1 a5 20.Bd3 f5 21.Kh1 Rbe8 22.Bc2 f4
23.Bf2 e4 24.Bxe4 Rxe4 25.fxe4 Ne5 26.Bd4 g5 27.Rf1 Qe7 28.b3 Kh7 29.a3 g4
30.Rxf4 Bh6 31.Be3 Bxf4 32.Bxf4 Qf6 33.Be3 a4 34.bxa4 Nxc4 35.Qd4 Ne5 36.Qxb6 g3
37.h3 Qf1+ 38.Rxf1 Rxf1+ 39.Bg1 Nd3 40.Qc7+ Kg8 41.Qd8+ Kf7 42.Qd7+ Kg8 43.Qe8+ Kg7
44.Qe7+ Kh8 45.Qd8+ Kh7 46.Qc7+ Kg8 47.Qc8+ Kf7 48.Qe6+  1/2-1/2

[Event "ch-LTU"]
[Site "Vilnius LTU"]
[Date "2002.05.18"]
[Round "2"]
[White "Piesina,G"]
[Black "Zagorskis,D"]
[Result "1/2-1/2"]
[WhiteElo "2411"]
[BlackElo "2469"]

1.e4 c5 2.Nf3 d6 3.d4 cxd4 4.Nxd4 Nf6 5.Nc3 a6 6.f3 e5 7.Nb3 Be6 8.g4 Nbd7
9.Be3 Be7 10.g5 Nh5 11.Qd2 O-O 12.O-O-O Rc8 13.Kb1 Nb6 14.Na5 Qc7 15.h4 Nd7
16.Nb3 Nb6 17.Na5  1/2-1/2

[Event "4th Borowski GMB"]
[Site "Essen GER"]
[Date "2002.05.24"]
[Round "8"]
[White "Naiditsch,A"]
[Black "De Gleria,F"]
[Result "1-0"]
[WhiteElo "2557"]
[BlackElo "2419"]

1.e4 c5 2.Nf3 d6 3.d4 cxd4 4.Nxd4 Nf6 5.Nc3 a6 6.f3 e6 7.Be3 b5 8.g4 Nfd7
9.Qd2 Nb6 10.O-O-O N8d7 11.Ndxb5 axb5 12.Nxb5 Rb8 13.Nxd6+ Bxd6 14.Qxd6 Qe7
15.Bb5 Qxd6 16.Rxd6 Ke7 17.Rhd1 h5 18.g5 Nd5 19.Rxd7+ Bxd7 20.Bc5+ Ke8 21.Bxd7+ Kxd7
22.exd5 exd5 23.Bd4 Rhg8 24.a4 Ra8 25.b3 Ke6 26.Re1+ Kf5 27.Re5+ Kf4 28.Rxd5 Kxf3
29.Bc3 h4 30.a5 Ke4 31.Rd4+ Kf5 32.Bd2 h3 33.b4 Rgb8 34.Rd3 Kg4 35.c4 Re8
36.Re3 Rxe3 37.Bxe3 Kf3 38.Bc5 Rd8 39.a6 Kg2 40.a7  1-0

[Event "3rd EIWCh"]
[Site "Varna BUL"]
[Date "2002.05.27"]
[Round "1"]
[White "Zimina,O"]
[Black "Lauterbach,I"]
[Result "1-0"]
[WhiteElo "2360"]
[BlackElo "2127"]

1.e4 c5 2.Nf3 d6 3.d4 cxd4 4.Nxd4 Nf6 5.Nc3 a6 6.f3 e6 7.Be3 Be7 8.Qd2 Qc7
9.g4 h6 10.O-O-O Bd7 11.h4 Nc6 12.Kb1 O-O-O 13.Bd3 Ne5 14.g5 hxg5 15.hxg5 Rxh1
16.Rxh1 Ne8 17.Qf2 f6 18.Nf5 exf5 19.Nd5 Bc6 20.Nxc7 Nxc7 21.gxf6 Bxf6 22.exf5 Nxf3
23.Rd1 Re8 24.Bf4 Bd4 25.Qg3 Nd5 26.Bxd6 Ne3 27.Rc1 Nd2+ 28.Ka1 Ne4 29.Qf4 Nd5
30.Qxe4 Rxe4 31.Bxe4 Ne3 32.Bd3 Bd7 33.Re1 Nxf5 34.Be5 Bxe5 35.Rxe5 g6 36.Re1 Kd8
37.c4 Ne7 38.Rg1 Be8 39.b3 Nf5 40.Rg5 Ne7 41.Kb2 Kc7 42.Kc3 b6 43.Be4 a5
44.Kd4 Kd6 45.c5+ bxc5+ 46.Rxc5 a4 47.b4 Bc6 48.a3 Bd7 49.Ra5 Bf5 50.Ra6+ Kc7
51.Bxf5 Nxf5+ 52.Kc5 g5 53.Rg6 Ng3 54.Rg7+ Kd8 55.b5 Ne4+ 56.Kc6  1-0

[Event "3rd EIWCh"]
[Site "Varna BUL"]
[Date "2002.05.30"]
[Round "4"]
[White "Zawadzka,J"]
[Black "Seps,M"]
[Result "1-0"]
[WhiteElo "2181"]
[BlackElo "2095"]

1.e4 c5 2.Nf3 d6 3.d4 cxd4 4.Nxd4 Nf6 5.Nc3 a6 6.f3 e6 7.Be3 b5 8.Qd2 Bb7
9.O-O-O Nbd7 10.g4 h6 11.h4 Ne5 12.Bd3 Nfd7 13.g5 b4 14.Nce2 d5 15.g6 Nxg6
16.exd5 e5 17.Ne6 Qa5 18.Bxg6 fxg6 19.Qd3 Kf7 20.Rhg1 Bxd5 21.Nxf8 Rhxf8
22.Qxd5+ Qxd5 23.Rxd5 Ke6 24.Rgd1 Rxf3 25.Rxd7 Rxe3 26.R1d6+ Kf5 27.Kd2 Rh3
28.Rxg7 Ke4 29.Rgxg6 Rh2 30.Rg4+ Kf5 31.Rg3 Ke4 32.Re3+ Kf5 33.Kd3 Rxh4 34.Ng3+ Kg4
35.Rg6+  1-0

[Event "ch-HUN Gp B"]
[Site "Balatonlelle HUN"]
[Date "2002.06.03"]
[Round "3"]
[White "Acs,P"]
[Black "Ruck,R"]
[Result "1/2-1/2"]
[WhiteElo "2529"]
[BlackElo "2569"]

1.e4 c5 2.Nf3 d6 3.d4 cxd4 4.Nxd4 Nf6 5.Nc3 a6 6.f3 b5 7.a4 b4 8.Nd5 e6 9.Nxf6+ Qxf6
10.Be3 Be7 11.Qd2 O-O 12.h4 Qe5 13.O-O-O Qa5 14.b3 Bb7 15.Bg5 Re8 16.Bc4 Bf8
17.h5 Nd7 18.h6 g6 19.Kb1 Rac8 20.Bd3 Nc5 21.Be3 Red8 22.Ne2 Nxd3 23.cxd3 d5
24.Qb2 dxe4 25.dxe4 e5 26.Bg5 Rxd1+ 27.Rxd1 Qb6 28.Qxe5 Qf2 29.Rd2 Qxg2 30.Qf6 Bxh6
31.Bxh6 Qh1+ 32.Ka2 Qxh6 33.Rd7 Qg7 34.Qxg7+ Kxg7 35.Nd4 Ba8 36.Ne6+ Kf6
37.Nd8 Ke5 38.Nxf7+ Kf4 39.Nd6 Rf8 40.Rxh7 Kxf3 41.e5 Bd5 42.Rg7 Rh8 43.Rxg6 Rh2+
44.Kb1 Bxb3 45.Rf6+ Kg4 46.a5 Re2 47.Nb7 Bd5 48.Rb6 b3 49.Nc5 Rxe5 50.Nxb3 Bxb3
51.Rxb3 Rxa5  1/2-1/2